空母を運用している国 - Statistics

General Stats
  • This quiz has been taken 287 times
  • The average score is 9 of 10
Answer Stats
国名 % Correct
11隻 アメリカ
100%
2隻 イギリス
99%
2隻 中国
98%
1隻 フランス
96%
1隻 ロシア
96%
2隻 インド
95%
2隻 日本
95%
1隻 イタリア
84%
1隻 トルコ
54%
1隻 タイ
38%
No matching quizzes found
Score Distribution
Percent of People with Each Score
Percentile by Number Answered
Your Score History
You have not taken this quiz